| 000 | 00522nam a22001817a 4500 | ||
|---|---|---|---|
| 999 |
_c9240 _d9240 |
||
| 003 | AR-CdUCM | ||
| 008 | 190327b ||||| |||| 00| 0 eng d | ||
| 040 |
_aMUNICIPALIDAD PROVINCIAL DEL CUSCO _cBIBLIOTECA MUNICIPAL DEL CUSCO |
||
| 082 |
_a778 / _bL19 |
||
| 245 | _aResidencial San Felipe / | ||
| 260 |
_aLima : _c2007. |
||
| 300 |
_a82 paginas ; _bFotografías, _c14 cm. |
||
| 505 | _aContenido :Residencial San Felipe | ||
| 650 |
_aEspacio _920858 |
||
| 650 |
_aGeografia _9318 |
||
| 942 |
_2ddc _cLIBROS |
||
| 945 | _arjall | ||